Statistics for Minecraft Advancements 1.18

Click here to take the quiz!

General Stats

  • This quiz has been taken 32 times
  • The average score is 50 of 90

Answer Stats

Answer% Correct
The End?
93%
Free The End
87%
Acquire Hardware
80%
Great View From Up Here
80%
How Did We Get Here?
80%
A Balanced Diet
73%
A Terrible Fortress
73%
Beaconator
73%
Diamonds!
73%
Eye Spy
73%
Isn't It Iron Pick
73%
Star Trader
73%
Stone Age
73%
Two By Two
73%
We Need To Go Deeper
73%
Zombie Doctor
73%
Adventuring Time
67%
Caves & Cliffs
67%
Cover Me With Diamonds
67%
Getting An Upgrade
67%
Hot Stuff
67%
Monster Hunter
67%
Oh Shiny
67%
Return to Sender
67%
Sky's the Limit
67%
Spooky Scary Skeleton
67%
The City at the End of the Game
67%
The End... Again...
67%
The Parrots and the Bats
67%
Uneasy Alliance
67%
Who's the Pillager Now?
67%
A Furious Cocktail
60%
Bring Home the Beacon
60%
Bullseye
60%
Enchanter
60%
Hidden in the Depths
60%
Into Fire
60%
Ol' Betsy
60%
Remote Getaway
60%
Sniper Duel
60%
Suit Up
60%
Two Birds, One Arrow
60%
Withering Heights
60%
Cover Me in Debris
53%
Hero of the Village
53%
Hired Help
53%
Hot Tourist Destinations
53%
Is It a Bird?
53%
Local Brewery
53%
Not Today, Thank You
53%
Serious Dedication
53%
Tactical Fishing
53%
Those Were The Days
53%
Total Beelocation
53%
War Pigs
53%
You Need a Mint
53%
A Complete Catalogue
47%
Arbalistic
47%
Fishy Business
47%
Ice Bucket Challenge
47%
Is It a Balloon?
47%
Is It a Plane?
47%
Monsters Hunted
47%
Not Quite "Nine" Lives
47%
Sticky Situation
47%
Take Aim
47%
The Cutest Predator
47%
The Healing Power of Friendship!
47%
The Next Generation
47%
This Boat Has Legs
47%
What a Deal!
47%
Who is Cutting Onions?
47%
A Seedy Place
40%
A Throwaway Joke
40%
Bee Our Guest
40%
Country Lode, Take Me Home
40%
Postmortal
40%
Surge Protector
40%
Voluntary Exile
40%
Wax Off
40%
Wax On
40%
Feels like home
33%
Light as a Rabbit
33%
Subspace Bubble
33%
Sweet Dreams
33%
Very Very Frightening
33%
Whatever Floats Your Goat!
33%
Best Friends Forever
27%
Sound of Music
27%
Glow and Behold!
13%

Score Distribution

Percentile by Number Answered

Percent of People with Each Score

Your Score History

You have not taken this quiz